<?xml version="1.0" encoding="UTF-8"?>
<collection xmlns="http://www.loc.gov/MARC21/slim">
 <record>
  <leader>00810nam a2200253   4500</leader>
  <controlfield tag="001">000014485</controlfield>
  <controlfield tag="003">10851</controlfield>
  <controlfield tag="005">20150812150841.0</controlfield>
  <controlfield tag="008">120503s1982                           sd</controlfield>
  <datafield tag="082" ind1="1" ind2=" ">
   <subfield code="a">891.73</subfield>
   <subfield code="b">MI-Y</subfield>
  </datafield>
  <datafield tag="100" ind1="0" ind2=" ">
   <subfield code="a">Yu. Mikhailich</subfield>
  </datafield>
  <datafield tag="245" ind1="0" ind2="0">
   <subfield code="a">Nam tước Phongonrinh</subfield>
   <subfield code="c">Yu. Mikhailich; Trọng Phan, Hà Bắc dịch</subfield>
  </datafield>
  <datafield tag="260" ind1=" " ind2=" ">
   <subfield code="a">H.</subfield>
   <subfield code="b">Nxb. Thanh Niên</subfield>
   <subfield code="c">1982</subfield>
  </datafield>
  <datafield tag="300" ind1=" " ind2=" ">
   <subfield code="a">2 tập</subfield>
  </datafield>
  <datafield tag="774" ind1=" " ind2=" ">
   <subfield code="a">Mikhailich, Yu.</subfield>
   <subfield code="d">Thanh niên</subfield>
   <subfield code="d">H.</subfield>
   <subfield code="d">1982</subfield>
   <subfield code="g">T. 2</subfield>
   <subfield code="h">399tr.</subfield>
   <subfield code="n">Dịch từ tiếng Nga</subfield>
   <subfield code="w">10850</subfield>
  </datafield>
  <datafield tag="774" ind1=" " ind2=" ">
   <subfield code="a">Mikhailich, Yu.</subfield>
   <subfield code="d">Thanh niên</subfield>
   <subfield code="d">H.</subfield>
   <subfield code="d">1982</subfield>
   <subfield code="g">T. 1</subfield>
   <subfield code="h">423tr.</subfield>
   <subfield code="n">Dịch từ tiếng Nga</subfield>
   <subfield code="w">10900</subfield>
  </datafield>
  <datafield tag="OWN" ind1=" " ind2=" ">
   <subfield code="a">LSP</subfield>
  </datafield>
  <datafield tag="999" ind1=" " ind2=" ">
   <subfield code="a">From the UDN01</subfield>
  </datafield>
  <datafield tag="TYP" ind1=" " ind2=" ">
   <subfield code="a">Monograph</subfield>
  </datafield>
  <datafield tag="TYP" ind1=" " ind2=" ">
   <subfield code="a">Printed language</subfield>
  </datafield>
  <datafield tag="980" ind1=" " ind2=" ">
   <subfield code="a">Mạng thư viện Đại học Đà Nẵng</subfield>
  </datafield>
 </record>
</collection>
